000 00715nam a2200253 a 4500
001 25739
003 CO-ViMGA
008 141112s2004 ck r 000 u spa d
020 _a9789589920664
040 _aCO-ViMGA
_bspa
_cCO-ViMGA
041 _aSPA
082 0 4 _a808.1 J17m
100 1 _aJaramillo Escobar, Jaime, 1932 -
_939725
245 1 0 _aMétodo fácil y rápido para ser poeta, 1 /
_cJaime Jaramillo Escobar
250 _a3a ed.
260 _aBogotá :
_bLuna Libros,
_c2013
300 _a263 p.
490 _aCreación
650 1 4 _aARTE DE ESCRIBIR
_922899
650 1 4 _aPOética
_915199
650 1 4 _aPRECEPTIVA LITERARIA
_939726
650 1 4 _aPROMOCION DE LA LECTURA
_91931
942 _2ddc
_cBK
999 _c5306
_d5306